Biện pháp quản lý công tác đào tạo liên tục cán bộ y tế tại trung tâm đào tạo và bồi dưỡng cán bộ y tế thành phố Đà Nẵng

Cơ sở lý luận về quản lý công tác đào tạo liên tục cán bộ y tế của trung tâm đào tạo và bồi dưỡng cán bộ y tế; Thực trạng quản lý công tác đào tạo liên tục cán bộ y tế của trung tâm đào tạo và bồi dưỡng cán bộ y tế thành phố Đà Nẵng; Biện pháp quản lý công tác đào tạo liên tục cán bộ y tế tại trung...

Disgrifiad llawn

Wedi'i Gadw mewn:
Manylion Llyfryddiaeth
Prif Awdur: Trần Thị Đức Nhã
Awduron Eraill: Phạm Minh Tiến PGS.TS (Hướng dẫn)
Fformat: Llyfr
Iaith:Vietnamese
Cyhoeddwyd: Đà Nẵng Đại học Đà Nẵng 2013
Pynciau:
Tagiau: Ychwanegu Tag
Dim Tagiau, Byddwch y cyntaf i dagio'r cofnod hwn!
Thư viện lưu trữ: Mạng thư viện Đại học Đà Nẵng
LEADER 02025nam a2200349 4500
001 000019400
003 15835
005 20140428140419.0
008 140428s2013 viesd
041 |a vie 
082 1 4 |a 373.246  |b TR-N 
100 |a Trần Thị Đức Nhã 
245 |a Biện pháp quản lý công tác đào tạo liên tục cán bộ y tế tại trung tâm đào tạo và bồi dưỡng cán bộ y tế thành phố Đà Nẵng  |c Trần Thị Đức Nhã ; Phạm Minh Tiến hướng dẫn.  |k Luận văn Thạc sĩ 
260 |a Đà Nẵng  |b Đại học Đà Nẵng  |c 2013 
300 |a 105 tr., phụ lục 21 tr.  |c 29 cm.  |e Tóm tắt 
500 |a Luận văn thạc sĩ Quản lý giáo dục. Chuyên ngành: Quản lý giáo dục. Mã số: 60.14.05. 
520 |a Cơ sở lý luận về quản lý công tác đào tạo liên tục cán bộ y tế của trung tâm đào tạo và bồi dưỡng cán bộ y tế; Thực trạng quản lý công tác đào tạo liên tục cán bộ y tế của trung tâm đào tạo và bồi dưỡng cán bộ y tế thành phố Đà Nẵng; Biện pháp quản lý công tác đào tạo liên tục cán bộ y tế tại trung tâm đào tạo và bồi dưỡng cán bộ y tế thành phố Đà Nẵng; ... 
650 0 4 |a Y tế  |v Luận văn tốt nghiệp  |x Đào tạo nhân sự  |x Quản lí  |z Đà Nẵng 
653 |a Y tế 
653 |a Đào tạo nhân sự 
653 |a Quản lý giáo dục 
700 1 |a Phạm Minh Tiến  |c PGS.TS  |e Hướng dẫn 
OWN |a LSP 
AVA |a UDN50  |b LSP  |d 373.246 TR-N  |e available  |t Error 5001 Not defined in file expand_doc_bib_avail.  |f 1  |g 0  |h N  |i 0  |k 1 
999 |a From the UDN01 
AVA |a UDN50  |b LSP  |d 373.246 TR-N  |e available  |t Error 5001 Not defined in file expand_doc_bib_avail.  |f 1  |g 0  |h N  |i 0  |k 1 
TYP |a Monograph 
TYP |a Printed language 
980 |a Mạng thư viện Đại học Đà Nẵng